| 000 | 01183nam a22003137a 4500 | ||
|---|---|---|---|
| 003 | EG-GICUC | ||
| 005 | 20260121101334.0 | ||
| 008 | 251123s1972 ua |||fr|||| 000 0 ara d | ||
| 040 |
_a EG-GICUC _bara _c EG-GICUC _d EG-GICUC _erda |
||
| 041 | 0 | _aara | |
| 082 | 0 | 4 |
_221 _a345.3 _bع ب . ت |
| 092 | 0 | 4 | _221 |
| 099 | _aLaw1 07 345.3 ع ب . ت 1972 | ||
| 100 | 1 |
_aعبير صلاح أبو السعود _eمؤلف. |
|
| 245 | 1 | 0 |
_aتدريب القادة الإداريين في مجالات الخدمة المدنية بالدول النامية / _cعبير صلاح أبو السعود. |
| 264 | 1 |
_aالقاهرة : _bالمنظمة العربية للعلوم الإدارية، _c1972. |
|
| 300 |
_a79 ؛ صفحة _c24 سم. |
||
| 336 |
_2rda content _atext |
||
| 337 |
_2rda media _aComputer |
||
| 338 |
_2rda carrier _aOnline Resource |
||
| 504 | _a ببليوجرافيا: صفحات. | ||
| 546 | _aالنص باللغة العربية | ||
| 650 | 1 | 4 |
_aالنشاط الإداري _2qrmak |
| 651 | 1 | _2qrmak | |
| 700 | 1 |
_aأحمد رشيد _eمراجع. |
|
| 856 | 4 | 0 | _uhttps://fll.law.cu.edu.eg/fulltext/bks/B07-00074.pdf |
| 905 | _a78 | ||
| 942 |
_2ddc _cBK _e21 _n0 |
||
| 999 |
_c45476 _d45476 |
||